000 00622nam a2200193Ia 4500
008 151121s9999||||xx |||||||||||||| ||und||
082 _a832/चन्दन
082 _bHNW-36828
100 _aचन्दनमल `चाँद'
245 _aकंचन और कसौटी
260 _b"अणुव्रत समिति, बम्बई"
260 _c--
300 _a101
600 _aचन्दनमल `चाँद'
630 _aकंचन और कसौटी
700 _aचन्दनमल `चाँद'
730 _aकंचन और कसौटी
942 _cBOOK
999 _c1228548
_d1228545